[Event "BCF-chT2 2324 (4NCL)"]
[Site "England"]
[Date "2024.01.13"]
[Round "3.3"]
[White "Regan, Natasha"]
[Black "Dicen, Elis Denele"]
[Result "1-0"]
[WhiteElo "1978"]
[BlackElo "1840"]
[PlyCount "105"]
[EventDate "2023.11.11"]
[EventType "team-tourn"]
[EventRounds "11"]
[EventCountry "ENG"]
[SourceTitle "CB11_2024"]
[SourceDate "2024.03.13"]
[SourceVersion "1"]
[SourceVersionDate "2024.03.13"]
[SourceQuality "1"]
[WhiteTeam "Barbican"]
[BlackTeam "Warwicks Select"]
[WhiteTeamCountry "ENG"]
[BlackTeamCountry "ENG"]

1. Nf3 d5 2. c4 e6 3. b3 Nf6 4. g3 Be7 5. Bg2 0-0 6. Bb2 c5 7. 0-0 Nc6 8. e3 d4 9. exd4 cxd4 10. Re1 a5 11. a3 Re8 12. d3 Bc5 13. Ne5 Nxe5 14. Rxe5 Qd6 15. Qe1 Bd7 16. Nd2 Rab8 17. Bc1 Bc6 18. Nf3 Ra8 19. h4 Nd7 20. Re2 e5 21. Bd2 Qf6 22. Ng5 Bxg2 23. Kxg2 Qc6+ 24. f3 h6 25. Ne4 f5 26. Nf2 b5 27. Bxa5 bxc4 28. bxc4 Ra6 29. Bb4 Rea8 30. Rb1 R6a7 31. h5 Re8 32. Rb3 Kh7 33. Bxc5 Nxc5 34. Rb5 Rae7 35. Qb4 Nxd3 36. Nxd3 e4 37. Kf2 Re6 38. Nf4 Rf6 39. Qc5 Qd7 40. Qd5 Qa7 41. Qc5 Qa8 42. Nd5 Rc6 43. Qxd4 Qxa3 44. Ne3 exf3 45. Kxf3 Rf6 46. Rd5 Re4 47. Qd3 Qc1 48. Rxf5 Qh1+ 49. Rg2 Rxf5+ 50. Nxf5 Re1 51. Ne7+ Kh8 52. Qd8+ Kh7 53. Qg8# 1-0

[Event "WchT Seniors 50"]
[Site "Struga"]
[Date "2023.09.24"]
[Round "6.3"]
[White "Regan, Natasha"]
[Black "Olsson, Lars"]
[Result "1-0"]
[WhiteElo "1968"]
[BlackElo "1906"]
[PlyCount "57"]
[EventDate "2023.09.19"]
[EventType "team-swiss"]
[EventRounds "9"]
[EventCountry "MKD"]
[SourceTitle "EXT 2024"]
[Source "ChessBase"]
[SourceDate "2023.10.10"]
[SourceVersion "1"]
[SourceVersionDate "2023.10.10"]
[SourceQuality "1"]
[WhiteTeam "England 50 (W)"]
[BlackTeam "Sweden 50"]
[WhiteTeamCountry "ENG"]
[BlackTeamCountry "SWE"]

1. Nf3 c5 2. c4 d6 3. g3 g6 4. Bg2 Bg7 5. d4 cxd4 6. Nxd4 a6 7. Nc3 Nf6 8. 0-0 0-0 9. Rb1 Qc7 10. b3 Nc6 11. Nc2 Bd7 12. e4 Rfd8 13. Ne3 e6 14. Bb2 Rac8 15. f4 Qb6 16. Re1 Ne7 17. Kh1 Bc6 18. Qe2 Qa7 19. b4 b5 20. cxb5 axb5 21. Nxb5 Qb7 22. Nxd6 Rxd6 23. Bxf6 Bxe4 24. Bxg7 Bxg2+ 25. Nxg2 Kxg7 26. Qe5+ Kg8 27. Qxd6 Rc2 28. Qd8+ Kg7 29. Qd4+ 1-0

[Event "UK-ch Blitz (Women)"]
[Site "Leamington Spa"]
[Date "2022.12.03"]
[Round "14"]
[White "Duessler, Stefanie"]
[Black "Regan, Natasha"]
[Result "1-0"]
[WhiteElo "2014"]
[BlackElo "1873"]
[PlyCount "71"]
[EventDate "2022.12.03"]
[EventType "tourn (blitz)"]
[EventRounds "15"]
[EventCountry "ENG"]
[SourceTitle "CBM 211 Extra"]
[Source "ChessBase"]
[SourceDate "2023.01.31"]
[SourceVersion "1"]
[SourceVersionDate "2023.01.31"]
[SourceQuality "1"]

1. e4 e5 2. Nf3 Nc6 3. Bb5 Nge7 4. 0-0 g6 5. c3 a6 6. Ba4 Bg7 7. d4 exd4 8. cxd4 b5 9. Bb3 0-0 10. Nc3 d6 11. Bg5 h6 12. Be3 Bg4 13. Qd2 Kh7 14. Bd1 b4 15. Na4 Rb8 16. Rc1 Qd7 17. b3 d5 18. e5 Nf5 19. Nc5 Qc8 20. Ng5+ hxg5 21. Bxg4 Nce7 22. Bxg5 f6 23. exf6 Bxf6 24. Rfe1 Ng8 25. Ne6 Rf7 26. Bxf6 Nxf6 27. Ng5+ Kg7 28. Nxf7 Kxf7 29. Bxf5 Qxf5 30. Rxc7+ Nd7 31. Re3 Kg8 32. h3 Rf8 33. Re7 Rd8 34. Qh6 Qb1+ 35. Kh2 Qxa2 36. Qg7# 1-0

[Event "UK-ch Blitz (Women)"]
[Site "Leamington Spa"]
[Date "2022.12.03"]
[Round "6"]
[White "Regan, Natasha"]
[Black "Grigoryan, Meri"]
[Result "0-1"]
[WhiteElo "1873"]
[BlackElo "1918"]
[PlyCount "64"]
[EventDate "2022.12.03"]
[EventType "tourn (blitz)"]
[EventRounds "15"]
[EventCountry "ENG"]
[SourceTitle "CBM 211 Extra"]
[Source "ChessBase"]
[SourceDate "2023.01.31"]
[SourceVersion "1"]
[SourceVersionDate "2023.01.31"]
[SourceQuality "1"]

1. Nf3 d5 2. c4 c6 3. b3 Nf6 4. g3 Bf5 5. Bg2 e6 6. Bb2 Nbd7 7. d3 Bb4+ 8. Nbd2 0-0 9. 0-0 Re8 10. Nh4 Bg4 11. h3 Bh5 12. a3 Bd6 13. Rc1 Rc8 14. g4 Nxg4 15. hxg4 Qxh4 16. Nf3 Qxg4 17. Rc2 e5 18. cxd5 cxd5 19. Rxc8 Rxc8 20. Qd2 Re8 21. Rc1 h6 22. b4 Re6 23. Rc8+ Kh7 24. e4 Rg6 25. Ne1 d4 26. Bc1 Qh4 27. Qc2 Nf6 28. Rd8 Be7 29. Rb8 Qh3 30. Qc7 Bf3 31. Qxe7 Rxg2+ 32. Kf1 Qh1# 0-1

[Event "UK-ch Blitz (Women)"]
[Site "Leamington Spa"]
[Date "2022.12.03"]
[Round "11"]
[White "Regan, Natasha"]
[Black "Mirzoeva, Elmira"]
[Result "0-1"]
[WhiteElo "1873"]
[BlackElo "2120"]
[PlyCount "60"]
[EventDate "2022.12.03"]
[EventType "tourn (blitz)"]
[EventRounds "15"]
[EventCountry "ENG"]
[SourceTitle "CBM 211 Extra"]
[Source "ChessBase"]
[SourceDate "2023.01.31"]
[SourceVersion "1"]
[SourceVersionDate "2023.01.31"]
[SourceQuality "1"]

1. Nf3 d6 2. b4 e5 3. d3 f5 4. g3 Nf6 5. Bg2 g6 6. 0-0 Bg7 7. c4 0-0 8. Bb2 Nc6 9. Qb3 Kh8 10. c5 Qe7 11. b5 Be6 12. cxd6 cxd6 13. Qd1 Nd8 14. Nbd2 Nf7 15. a4 g5 16. Nc4 Rac8 17. Nfd2 Bd5 18. Ba3 Bxg2 19. Kxg2 Qe6 20. Rc1 Rfd8 21. a5 d5 22. Ne3 d4 23. Nec4 Qd5+ 24. Kg1 Qxb5 25. Rb1 Qd5 26. Qa4 g4 27. Rb5 Qc6 28. Qb3 Re8 29. Rxb7 Ng5 30. Nd6 Nh3# 0-1

[Event "EU-chT Seniors 50"]
[Site "Dresden"]
[Date "2022.11.03"]
[Round "8.4"]
[White "Gebigke, Martin"]
[Black "Regan, Natasha"]
[Result "1-0"]
[WhiteElo "2015"]
[BlackElo "1991"]
[PlyCount "59"]
[EventDate "2022.10.27"]
[EventType "team-swiss"]
[EventRounds "9"]
[EventCountry "GER"]
[SourceTitle "EXT 2024"]
[Source "ChessBase"]
[SourceDate "2023.10.10"]
[SourceVersion "1"]
[SourceVersionDate "2023.10.10"]
[SourceQuality "1"]
[WhiteTeam "Berlin 50 II"]
[BlackTeam "England 50 II"]
[WhiteTeamCountry "GER"]
[BlackTeamCountry "ENG"]

1. d4 f5 2. c4 Nf6 3. g3 g6 4. Bg2 Bg7 5. Nf3 d6 6. 0-0 0-0 7. Nc3 c6 8. b3 Ne4 9. Bb2 Na6 10. Nxe4 fxe4 11. Nd2 d5 12. cxd5 cxd5 13. f3 e3 14. Nb1 Qb6 15. f4 Bf5 16. Bxd5+ e6 17. Bg2 Rfd8 18. Na3 Rac8 19. Rc1 Rxc1 20. Qxc1 Bxd4 21. Nc4 Bxb2 22. Qxb2 Qb4 23. Qf6 Rd7 24. Ne5 Re7 25. Rd1 Qd2 26. Qxe7 Qxd1+ 27. Bf1 h5 28. Nd7 g5 29. Nf6+ Kh8 30. Qf8# 1-0

[Event "ENG Chessable-ch Seniors 50+"]
[Site "Kenilworth"]
[Date "2022.05.08"]
[Round "7"]
[White "Hebden, Mark"]
[Black "Regan, Natasha"]
[Result "1-0"]
[WhiteElo "2452"]
[BlackElo "1954"]
[PlyCount "69"]
[EventDate "2022.05.04"]
[EventType "swiss"]
[EventRounds "7"]
[EventCountry "ENG"]
[SourceTitle "CBM 208 Extra"]
[Source "ChessBase"]
[SourceDate "2022.07.31"]
[SourceVersion "1"]
[SourceVersionDate "2022.07.31"]
[SourceQuality "1"]

1. d4 Nf6 2. Bg5 e6 3. e4 h6 4. Bxf6 Qxf6 5. Nc3 Bb4 6. Nge2 c5 7. a3 cxd4 8. axb4 dxc3 9. Nxc3 0-0 10. Bd3 Nc6 11. b5 Ne5 12. 0-0 g5 13. b6 a6 14. Be2 Ng6 15. Qd6 Qe5 16. Rfd1 f5 17. exf5 Qxf5 18. Kh1 Nf4 19. Bf1 Rf6 20. Re1 Qxc2 21. Ne4 Rf5 22. Qd4 Nd5 23. Bc4 Ne7 24. Bxe6+ dxe6 25. Qd8+ Rf8 26. Qxe7 Qxb2 27. Rac1 Qg7 28. Qd6 Rf7 29. Rc7 Rxc7 30. bxc7 a5 31. h4 a4 32. Qd8+ Qf8 33. hxg5 hxg5 34. Re3 a3 35. Rf3 1-0

[Event "English Online Blitz Gp2"]
[Site "Chess.com INT"]
[Date "2020.05.09"]
[Round "11"]
[White "Regan, Natasha"]
[Black "Alizada, Eldar"]
[Result "0-1"]
[WhiteElo "1954"]
[BlackElo "1922"]
[PlyCount "52"]
[EventDate "2020.05.09"]
[EventType "swiss (blitz)"]
[EventRounds "11"]
[EventCountry "ENG"]
[SourceTitle "CBM 196 Extra"]
[Source "ChessBase"]
[SourceDate "2020.07.31"]
[SourceVersion "1"]
[SourceVersionDate "2020.07.31"]
[SourceQuality "1"]

1. e4 e6 2. d4 d5 3. Nc3 dxe4 4. Nxe4 Nd7 5. Nf3 Ngf6 6. Neg5 Be7 7. g3 0-0 8. Bg2 c5 9. 0-0 h6 10. Nh3 cxd4 11. Nxd4 Nc5 12. c3 Qc7 13. Nb5 Qb6 14. a4 a6 15. Nd4 Qc7 16. a5 Rd8 17. b4 Nce4 18. Qb3 Qxc3 19. Be3 Rxd4 20. Qxc3 Nxc3 21. Bxd4 Ne2+ 22. Kh1 Nxd4 23. Rfd1 Nc2 24. Rac1 Nxb4 25. Rc7 Nbd5 26. Bxd5 Nxd5 0-1

[Event "Isolated Queens Internet op 2nd"]
[Site "Chess.com INT"]
[Date "2020.05.02"]
[Round "9"]
[White "Goletiani, Rusudan"]
[Black "Regan, Natasha"]
[Result "1-0"]
[WhiteElo "2278"]
[BlackElo "1954"]
[PlyCount "69"]
[EventDate "2020.05.02"]
[EventType "swiss"]
[EventRounds "10"]
[EventCountry "USA"]
[SourceTitle "CBM 195 Extra"]
[Source "ChessBase"]
[SourceDate "2020.05.31"]
[SourceVersion "1"]
[SourceVersionDate "2020.05.31"]
[SourceQuality "1"]

1. Nf3 d5 2. c4 d4 3. g3 c5 4. Bg2 Nc6 5. e3 e5 6. d3 Nf6 7. exd4 exd4 8. 0-0 Be7 9. Re1 0-0 10. Ne5 Nxe5 11. Rxe5 Qc7 12. Re1 Bd6 13. Bg5 Ne8 14. Na3 a6 15. Nc2 f6 16. Bc1 Bf5 17. b4 cxb4 18. Nxd4 Bd7 19. Bb2 Rd8 20. Qh5 g6 21. Qh6 Ng7 22. Bd5+ Kh8 23. Ne6 Bxe6 24. Bxe6 Be5 25. Bxe5 fxe5 26. Bd5 Qc5 27. Qe3 Qd4 28. Qxd4 exd4 29. Bxb7 Rd6 30. c5 Rdf6 31. c6 Rxf2 32. c7 Rc2 33. Rac1 Rxc1 34. Rxc1 Ne6 35. c8Q 1-0

[Event "Isolated Queens Internet op 2nd"]
[Site "Chess.com INT"]
[Date "2020.05.02"]
[Round "1"]
[White "Regan, Natasha"]
[Black "Yu, Jennifer R"]
[Result "1-0"]
[WhiteElo "1954"]
[BlackElo "2315"]
[PlyCount "53"]
[EventDate "2020.05.02"]
[EventType "swiss"]
[EventRounds "10"]
[EventCountry "USA"]
[SourceTitle "CBM 195 Extra"]
[Source "ChessBase"]
[SourceDate "2020.05.31"]
[SourceVersion "1"]
[SourceVersionDate "2020.05.31"]
[SourceQuality "1"]

1. e4 g6 2. d4 Bg7 3. Be3 d6 4. Nc3 a6 5. h4 h5 6. Qd2 b5 7. a4 b4 8. Nd1 a5 9. Bc4 Bb7 10. Qd3 Nd7 11. Nf3 Ngf6 12. Ng5 e6 13. 0-0 Qe7 14. c3 d5 15. exd5 Nxd5 16. Bd2 c5 17. Bb5 0-0 18. Re1 cxd4 19. cxd4 N7f6 20. Ne3 Nf4 21. Qf1 Qd6 22. Rac1 Qxd4 23. Rc4 Qxd2 24. Rxf4 Qxb2 25. Nc4 Qb3 26. Re3 Qc2 27. Nd6 1-0

[Event "BCF-chT1c 1819 (4NCL) Promotion pool"]
[Site "England"]
[Date "2019.03.17"]
[Round "8.38"]
[White "Steil Antoni, Fiona"]
[Black "Regan, Natasha"]
[Result "1-0"]
[WhiteElo "2158"]
[BlackElo "1974"]
[PlyCount "83"]
[EventDate "2018.11.10"]
[EventType "team-tourn"]
[EventRounds "11"]
[EventCountry "ENG"]
[SourceTitle "CBM 189 Extra"]
[Source "ChessBase"]
[SourceDate "2019.06.03"]
[SourceVersion "1"]
[SourceVersionDate "2019.06.03"]
[SourceQuality "1"]
[WhiteTeam "Cheddleton"]
[BlackTeam "Barbican"]
[WhiteTeamCountry "ENG"]
[BlackTeamCountry "ENG"]

1. e4 e5 2. Bc4 Nf6 3. d3 c6 4. Nf3 Be7 5. 0-0 d6 6. c3 0-0 7. Bb3 Nbd7 8. Re1 a5 9. Nbd2 Nc5 10. Bc2 Ne8 11. d4 exd4 12. cxd4 Na6 13. Nf1 b5 14. Ng3 Nb4 15. Bb1 d5 16. e5 f6 17. a3 Na6 18. Qc2 f5 19. Qxc6 Nac7 20. Bd2 g5 21. Rc1 Ra6 22. Qc2 g4 23. Ne1 Bd7 24. Ba2 Kh8 25. Nd3 Rc6 26. Qd1 Ne6 27. Ne2 Rc4 28. Bxc4 dxc4 29. Ndf4 Ng5 30. d5 Ne4 31. Be3 Bc8 32. a4 bxa4 33. Rxc4 a3 34. bxa3 Ba6 35. Rxe4 fxe4 36. Ne6 Qd7 37. Nxf8 Bxf8 38. Nf4 Nc7 39. e6 Qd6 40. Bd4+ Bg7 41. Bxg7+ Kxg7 42. Qxg4+ 1-0

[Event "BCF-chT2b 1819 (4NCL)"]
[Site "England"]
[Date "2019.01.12"]
[Round "3.58"]
[White "Regan, Natasha"]
[Black "Shepley, Julien M"]
[Result "1-0"]
[WhiteElo "1964"]
[BlackElo "1932"]
[PlyCount "75"]
[EventDate "2018.11.10"]
[EventType "team-tourn"]
[EventRounds "11"]
[EventCountry "ENG"]
[SourceTitle "EXT 2021"]
[Source "ChessBase"]
[SourceDate "2020.10.23"]
[SourceVersion "1"]
[SourceVersionDate "2020.10.23"]
[SourceQuality "1"]
[WhiteTeam "Barbican II"]
[BlackTeam "Guildford III"]
[WhiteTeamCountry "ENG"]
[BlackTeamCountry "ENG"]

1. f4 Nh6 2. e4 d5 3. e5 g6 4. Nf3 Bg4 5. h3 Bxf3 6. Qxf3 e6 7. Qf2 Bg7 8. g4 Nd7 9. d4 f5 10. exf6 Nxf6 11. Bd3 Ne4 12. Bxe4 dxe4 13. Be3 Qd5 14. Nc3 Qc6 15. Qg2 0-0-0 16. 0-0-0 Rhe8 17. Qxe4 Qa6 18. Qd3 Qc6 19. Kb1 Nf7 20. Ne4 Nd6 21. Nc5 Nb5 22. c3 e5 23. d5 Qb6 24. Ne6 Na3+ 25. Kc1 Qxe6 26. dxe6 Rxd3 27. Rxd3 Nc4 28. Rd7 Bf6 29. fxe5 Rxe6 30. Rxh7 Bxe5 31. Rf1 b6 32. Bd4 Bd6 33. Kc2 b5 34. Rf2 c5 35. Rff7 Re2+ 36. Kd3 Re8 37. Rh8 Kd8 38. Bf6+ 1-0

[Event "UK-ch blitz (Women) op"]
[Site "Solihull"]
[Date "2018.12.01"]
[Round "8"]
[White "Cooke, Suzie G"]
[Black "Regan, Natasha"]
[Result "0-1"]
[WhiteElo "1944"]
[BlackElo "1973"]
[PlyCount "80"]
[EventDate "2018.12.01"]
[EventType "tourn (blitz)"]
[EventRounds "15"]
[EventCountry "ENG"]
[SourceTitle "EXT 2020"]
[Source "ChessBase"]
[SourceDate "2019.10.17"]
[SourceVersion "1"]
[SourceVersionDate "2019.10.17"]
[SourceQuality "1"]

1. d4 f5 2. Bf4 Nf6 3. e3 g6 4. Nf3 Bg7 5. Bd3 d6 6. Nbd2 Nc6 7. c3 0-0 8. 0-0 Kh8 9. h3 Qe8 10. Bh2 e5 11. dxe5 dxe5 12. e4 f4 13. Nc4 Bd7 14. Qb3 b6 15. a4 a5 16. Rad1 Rd8 17. Bb1 h6 18. Ne1 g5 19. f3 Be6 20. Nd3 Qf7 21. Ba2 Nd7 22. Ncxe5 Bxb3 23. Nxf7+ Bxf7 24. Bxf7 Rxf7 25. Nc1 Nde5 26. Kh1 Rfd7 27. Rxd7 Rxd7 28. Nb3 Nc4 29. Rb1 N6e5 30. Nd4 c5 31. Nf5 Rd2 32. b3 Ne3 33. Nxe3 fxe3 34. Bg1 e2 35. Re1 Nd3 36. Be3 Rc2 37. Kg1 Nxe1 38. f4 Nd3 39. Bf2 Nxf2 40. Kxf2 Bxc3 0-1

[Event "UK-ch blitz (Women) op"]
[Site "Solihull"]
[Date "2018.12.01"]
[Round "13"]
[White "Regan, Natasha"]
[Black "Needham, Sabrina"]
[Result "0-1"]
[WhiteElo "1973"]
[BlackElo "1858"]
[PlyCount "171"]
[EventDate "2018.12.01"]
[EventType "tourn (blitz)"]
[EventRounds "15"]
[EventCountry "ENG"]
[SourceTitle "EXT 2020"]
[Source "ChessBase"]
[SourceDate "2019.10.17"]
[SourceVersion "1"]
[SourceVersionDate "2019.10.17"]
[SourceQuality "1"]

1. Nf3 d5 2. c4 c6 3. b3 Nf6 4. g3 Qc7 5. Bg2 Nbd7 6. 0-0 e5 7. Bb2 Bd6 8. cxd5 cxd5 9. Nc3 a6 10. Rc1 Qb8 11. d3 0-0 12. Qd2 b5 13. h4 Bb7 14. e3 Qa7 15. Qe2 Rac8 16. a3 b4 17. axb4 Bxb4 18. Na4 Nc5 19. Nxc5 Bxc5 20. Bxe5 Qb6 21. d4 Bb4 22. Bxf6 Qxf6 23. Ng5 a5 24. Qh5 h6 25. Nh3 Qe6 26. Nf4 Qd6 27. Nxd5 Ba3 28. Rxc8 Rxc8 29. Nf6+ Qxf6 30. Bxb7 Rc2 31. Qf3 Qb6 32. Bd5 Qc7 33. Bc4 a4 34. Bd3 Rc3 35. Qa8+ Bf8 36. Qe4 g6 37. bxa4 Qa5 38. Bb5 Qb4 39. Qb1 Rb3 40. Qe4 Rb2 41. Qc6 Qd2 42. d5 Kg7 43. Qc4 Bb4 44. Qd4+ Qxd4 45. exd4 Rd2 46. Rb1 Rxd4 47. Kg2 Ba5 48. Bc6 Rd2 49. Rf1 Bb6 50. Kf3 Kf6 51. Ke4 Rd4+ 52. Kf3 Rd3+ 53. Ke2 Ra3 54. Kd2 Bd4 55. Kc2 Ra2+ 56. Kb3 Rb2+ 57. Kc4 Bxf2 58. d6 Ke6 59. d7 Bb6 60. Re1+ Kd6 61. Bb5 Rc2+ 62. Kd3 Rg2 63. Kc4 Rxg3 64. Rd1+ Ke7 65. Kd5 Rg4 66. Kc6 Ba5 67. Kb7 Rxh4 68. Ka6 Bd8 69. Kb7 Rb4 70. Kc6 g5 71. a5 Bxa5 72. Kc5 Rb2 73. Rd3 Rc2+ 74. Kd5 Rb2 75. Re3+ Kf6 76. Bc6 g4 77. Ra3 Rd2+ 78. Ke4 Bd8 79. Ra8 Bc7 80. Ke3 Rd6 81. Ba4 g3 82. Kf3 h5 83. Rh8 Kg5 84. Rh7 f5 85. Rg7+ Kh4 86. Rg8 0-1

[Event "UK-ch blitz (Women) op"]
[Site "Solihull"]
[Date "2018.12.01"]
[Round "15"]
[White "Regan, Natasha"]
[Black "Sarakauskiene, Zivile"]
[Result "1-0"]
[WhiteElo "1973"]
[BlackElo "2078"]
[PlyCount "62"]
[EventDate "2018.12.01"]
[EventType "tourn (blitz)"]
[EventRounds "15"]
[EventCountry "ENG"]
[SourceTitle "EXT 2020"]
[Source "ChessBase"]
[SourceDate "2019.10.17"]
[SourceVersion "1"]
[SourceVersionDate "2019.10.17"]
[SourceQuality "1"]

1. f4 d5 2. Nf3 c5 3. g3 Nf6 4. Bg2 Nc6 5. d3 e6 6. Nc3 Bd6 7. e4 d4 8. Ne2 Be7 9. 0-0 Qc7 10. a3 a5 11. Bd2 0-0 12. h3 g6 13. g4 h5 14. e5 Nd5 15. gxh5 gxh5 16. Ng3 h4 17. Ne4 f5 18. exf6 Nxf6 19. Qe1 Nxe4 20. dxe4 Qd8 21. Ng5 Bxg5 22. fxg5 Rxf1+ 23. Bxf1 Ne5 24. Bg2 Ng6 25. Qe2 Kg7 26. Rf1 e5 27. Rf6 Ra6 28. Rxa6 bxa6 29. Qc4 Qb6 30. b3 Be6 31. Qa4 Qc7 1-0

[Event "UK-ch blitz (Women) op"]
[Site "Solihull"]
[Date "2018.12.01"]
[Round "14"]
[White "Wei, Naomi"]
[Black "Regan, Natasha"]
[Result "0-1"]
[WhiteElo "1858"]
[BlackElo "1973"]
[PlyCount "108"]
[EventDate "2018.12.01"]
[EventType "tourn (blitz)"]
[EventRounds "15"]
[EventCountry "ENG"]
[SourceTitle "EXT 2020"]
[Source "ChessBase"]
[SourceDate "2019.10.17"]
[SourceVersion "1"]
[SourceVersionDate "2019.10.17"]
[SourceQuality "1"]

1. d4 f5 2. c4 Nf6 3. Nc3 g6 4. h4 d6 5. h5 Nxh5 6. e4 Nf6 7. exf5 Bxf5 8. Bd3 Bxd3 9. Qxd3 Bg7 10. Nf3 Nc6 11. a3 Qd7 12. Bg5 Qf5 13. Qe2 0-0-0 14. d5 Na5 15. Bh6 Bxh6 16. Rxh6 Nb3 17. Rd1 Ng4 18. Rh4 Nc5 19. Nd4 Qf6 20. Rxg4 h5 21. Rg3 Rdf8 22. b4 Nd7 23. Rf3 Qh4 24. Rh3 Qf6 25. Ne4 Qg7 26. Ne6 Qe5 27. Nxf8 Rxf8 28. Rf3 Rg8 29. Ng3 Qg7 30. Kf1 Ne5 31. Re3 h4 32. Ne4 g5 33. c5 g4 34. cxd6 exd6 35. Rc1 Kb8 36. Qc2 h3 37. gxh3 gxh3 38. Rxh3 Qg2+ 39. Ke2 Qxh3 40. Qxc7+ Ka8 41. Qxd6 Qf3+ 42. Kd2 Qxe4 43. Rc3 a6 44. Qc5 Nf3+ 45. Kc1 Re8 46. Kb2 Nd4 47. a4 Qe2+ 48. Ka3 Qe4 49. Rc4 Qf3+ 50. Rc3 Nc2+ 51. Kb3 Na1+ 52. Ka2 Qd1 53. Rc1 Qxa4+ 54. Kb2 Nb3 0-1

[Event "ENG-ch (Women)"]
[Site "Solihull"]
[Date "2018.09.02"]
[Round "5"]
[White "Regan, Natasha"]
[Black "Jaufarally, Nadia"]
[Result "1-0"]
[WhiteElo "1942"]
[BlackElo "1914"]
[PlyCount "147"]
[EventDate "2018.08.31"]
[EventType "swiss"]
[EventRounds "5"]
[EventCountry "ENG"]
[SourceTitle "CBM 186 Extra"]
[Source "ChessBase"]
[SourceDate "2018.08.24"]
[SourceVersion "1"]
[SourceVersionDate "2018.08.24"]
[SourceQuality "1"]

1. Nf3 Nf6 2. c4 g6 3. b4 Bg7 4. Bb2 0-0 5. g3 d6 6. Bg2 e5 7. d3 a5 8. b5 Nbd7 9. 0-0 Nc5 10. Nc3 Re8 11. d4 exd4 12. Nxd4 a4 13. Rb1 Ng4 14. Nd5 h5 15. h3 Nf6 16. Kh2 Bd7 17. Qd2 Qc8 18. Nf5 Bxf5 19. Bxf6 Bxb1 20. Bxg7 Kxg7 21. Qd4+ Kh6 22. Rxb1 Qf5 23. Re1 Rac8 24. e4 Qe5 25. Qd2+ Kh7 26. f4 Qg7 27. f5 gxf5 28. Qf4 Kh8 29. Qxf5 Qg6 30. Qf3 Nd7 31. Nf4 Qg5 32. Nxh5 Ne5 33. Qe2 Rg8 34. Rf1 Rg6 35. Rf5 Qe7 36. Nf4 Rh6 37. Nd5 Qf8 38. g4 Qg7 39. g5 Re6 40. Nf6 Qg6 41. h4 Rd8 42. Bh3 Nd7 43. h5 Qg7 44. h6 Qg6 45. Nh5 Re5 46. Nf4 Qg8 47. Qb2 Rde8 48. Nd3 Kh7 49. Nxe5 Rxe5 50. Qd4 Qg6 51. Rxe5 Nxe5 52. Qxe5 dxe5 53. Bf5 f6 54. Bxg6+ Kxg6 55. gxf6 Kxh6 56. Kg3 Kg6 57. Kg4 Kxf6 58. Kh5 Ke6 59. Kg6 b6 60. a3 Kd6 61. Kf6 Kc5 62. Kxe5 Kxc4 63. Kf5 Kb3 64. e5 Kxa3 65. e6 Kb2 66. e7 a3 67. e8Q a2 68. Qe2+ Kb1 69. Qd3+ Kb2 70. Qd2+ Kb1 71. Qb4+ Ka1 72. Ke4 c6 73. bxc6 b5 74. Qc3+ 1-0

[Event "ENG-ch (Women)"]
[Site "Solihull"]
[Date "2018.09.01"]
[Round "2"]
[White "Head, Louise"]
[Black "Regan, Natasha"]
[Result "0-1"]
[WhiteElo "2161"]
[BlackElo "1942"]
[PlyCount "130"]
[EventDate "2018.08.31"]
[EventType "swiss"]
[EventRounds "5"]
[EventCountry "ENG"]
[SourceTitle "CBM 186 Extra"]
[Source "ChessBase"]
[SourceDate "2018.08.24"]
[SourceVersion "1"]
[SourceVersionDate "2018.08.24"]
[SourceQuality "1"]

1. d4 f5 2. g3 Nf6 3. Bg2 g6 4. Nh3 Bg7 5. Nf4 d6 6. d5 c6 7. c4 Bd7 8. Nc3 Na6 9. 0-0 g5 10. Nd3 h6 11. e4 cxd5 12. cxd5 0-0 13. f4 gxf4 14. Nxf4 Qb6+ 15. Kh1 fxe4 16. Nxe4 Ng4 17. h3 Ne5 18. Qb3 Qxb3 19. axb3 Bb5 20. Rd1 Nc7 21. Be3 a6 22. Bb6 Ne8 23. Rac1 Nd7 24. Bd4 Bxd4 25. Rxd4 Ne5 26. Nc3 Bd7 27. Na4 Rc8 28. Rdd1 b5 29. Rxc8 Bxc8 30. Nc3 Ng7 31. Nce2 Nf5 32. Rc1 Bd7 33. Ne6 Rc8 34. Rc3 Kf7 35. g4 Rxc3 36. bxc3 Ne3 37. N6f4 Nxg2 38. Kxg2 a5 39. Kf2 a4 40. bxa4 bxa4 41. Nd4 a3 42. Nc2 a2 43. Ke3 Ba4 44. Na1 Nc4+ 45. Kd3 Na3 46. Kd2 Nc2 47. Kc1 Nxa1 48. Kb2 Nb3 49. Kxa2 Nd2 50. Ka3 Bb5 51. Kb4 Bf1 52. h4 Kf6 53. Nh5+ Ke5 54. Ng7 Bd3 55. g5 hxg5 56. hxg5 Kxd5 57. Nh5 Ke5 58. Ng3 Nf3 59. Nh1 Nxg5 60. Nf2 Bf5 61. c4 Kd4 62. Nd1 Ne4 63. Nb2 Nc5 64. Kb5 Bd3 65. Kc6 Bxc4 0-1

[Event "BCF-chT2a 1718 (4NCL)"]
[Site "England"]
[Date "2018.03.17"]
[Round "7.18"]
[White "Costello, John"]
[Black "Regan, Natasha"]
[Result "1-0"]
[WhiteElo "1710"]
[BlackElo "1987"]
[PlyCount "93"]
[EventDate "2017.11.11"]
[EventType "team-tourn"]
[EventRounds "7"]
[EventCountry "ENG"]
[SourceTitle "EXT 2020"]
[Source "ChessBase"]
[SourceDate "2019.10.17"]
[SourceVersion "1"]
[SourceVersionDate "2019.10.17"]
[SourceQuality "1"]
[WhiteTeam "Manx Liberty"]
[BlackTeam "Barbican Youth"]
[WhiteTeamCountry "ENG"]
[BlackTeamCountry "ENG"]

1. d4 Nf6 2. c4 g6 3. Nc3 Bg7 4. e4 d6 5. Be2 Nbd7 6. Bg5 h6 7. Be3 a6 8. Qd2 c6 9. f3 b5 10. b3 Qa5 11. Rc1 bxc4 12. Bxc4 Nb6 13. Nge2 Nxc4 14. bxc4 Be6 15. d5 cxd5 16. cxd5 Bd7 17. 0-0 Kf8 18. Rb1 Qd8 19. Bb6 Qe8 20. Rfc1 Kg8 21. Qd3 Kh7 22. Be3 Rf8 23. Rb7 Bc8 24. Rc7 Nd7 25. Na4 f5 26. Nd4 Ne5 27. Qc2 Rb8 28. h3 Bd7 29. Nc3 Qd8 30. Nce2 Rb4 31. Nf4 Rxd4 32. Bxd4 Nxf3+ 33. gxf3 Bxd4+ 34. Kg2 Be3 35. Rb1 Bxf4 36. Rbb7 Bg5 37. Rxd7 Qe8 38. Rxd6 fxe4 39. Qxe4 Rf4 40. Qe6 Rd4 41. Rdd7 Rd2+ 42. Kg3 Kh8 43. h4 Bf6 44. Rdc7 Bxh4+ 45. Kxh4 Qa4+ 46. Kg3 h5 47. Rc8+ 1-0